| 000 | 00398nam a2200157Ia 4500 | ||
|---|---|---|---|
| 008 | 130509t2011 xxu||||| |||| 00| 0 sin d | ||
| 041 | _asin | ||
| 080 |
_aX8S31 _bWIC |
||
| 245 | _aසඳ රූ වරුණා | ||
| 246 | _aSanda Ru Waruna | ||
| 260 |
_bShaakyaPublications _ayakkala _c2011 |
||
| 300 | _a248p., 18 cm | ||
| 942 | _cBK | ||
| 999 |
_c73735 _d73735 |
||
| 003 | LK-CoDNM | ||
| 040 |
_aLK-CoDNM _dLK-CoDNM _eLK-CoDNM |
||